Online Catalogue and eLibrary

Sellamgeya : (Record no. 5179)

MARC details
000 -LEADER
fixed length control field 00418nam a2200157Ia 4500
005 - DATE AND TIME OF LATEST TRANSACTION
control field 20250703012101.0
008 - FIXED-LENGTH DATA ELEMENTS--GENERAL INFORMATION
fixed length control field 240331s9999 xx 000 0 und d
020 ## - INTERNATIONAL STANDARD BOOK NUMBER
ISBN 9558770019
082 ## - DDC Classification
Item Number - Author Mark IBS
Class No. 812
100 ## - MAIN ENTRY--PERSONAL NAME
Personal name Ibson,H
245 #0 - TITLE STATEMENT
Title Sellamgeya :
Remainder of title A doll's house
260 ## - PUBLICATION, DISTRIBUTION, ETC.
Place of publication, distribution, etc. Boralesgamuwa
Name of publisher, distributor, etc. Cultural Publication
Date of publication, distribution, etc. 2009
300 ## - PHYSICAL DESCRIPTION
Extent (e.g. Volumes, Pages etc.) 198 p.,
500 ## - GENERAL NOTE
General note Translation of Henrik Ibsen' s The playhouse
942 ## - Koha item type (Biblio)
Koha item type Books in Stacks (Lending)
Holdings
Lost status Damaged status Collection code Home library Current library Shelving location Date acquired Full call number Accession Number Item type
    Lending WERC Library WERC Library Social Science Cupboard 03/31/2024 812 IBS 6522 Books in Stacks (Lending)

© WERC Library